| 000 | 00464nam a2200169Ia 4500 | ||
|---|---|---|---|
| 005 | 20250424120255.0 | ||
| 008 | 250424s9999 xx 000 0 und d | ||
| 022 | _a23543752 | ||
| 050 | _aP 43 .J66/ | ||
| 245 | 0 | _aJournal of contemporary communication | |
| 260 | _aEnugu, Nigeri | ||
| 260 | _bCentre for research, communication and development | ||
| 260 | _c2012 | ||
| 300 | _avii. 236 p. ill. ; 28 cm. | ||
| 650 | _acommunication development | ||
| 942 | _cSR | ||
| 999 |
_c38375 _d38375 |
||